00796nam a22002417a 4500001000500000005001700005020002700022020001800049040002300067050002400090082001200114100001900126245008500145260003900230300006200269505000600331520010900337521001800446521001800464650002200482650002200504700002800526139620260325152011.0 a0807573094 (hardcover) a9780439595087 aDLCcDLCdDLCbeng00aPZ7.T82255bSe 200300a[E]2211 aTucker, Kathy.14aThe seven Chinese sisters /cwritten by Kathy Tucker ; illustrated by Grace Lin. aMorton Grove ::bScholastic,c2003 a25 unnumbered pages :bcolor illustrations ;c23 x 28 cm. aK aWhen a dragon snatches the youngest of seven talented Chinese sisters, the other six come to her rescue. a650 bLexile aK bRaz-Plus 1aSistersvFiction. 1aDragonsvFiction.1 aLin, Graceeillustrator